Sólo un asesinato

Salvato in:
Dettagli Bibliografici
Autore principale: Thompson, Jim
Natura: Libro
Lingua:Undetermined
Pubblicazione: Barcelona, España Ediciones B 1987
Soggetti:
Tags: Aggiungi Tag
Nessun Tag, puoi essere il primo ad aggiungerne!!

MARC

LEADER 00000nam a2200000Ia 4500
008 170316s9999 xx 000 0 und d
040 |a cru BVZT 
090 |a 810 T-16.1s 
100 |a Thompson, Jim 
245 |a Sólo un asesinato 
260 |a Barcelona, España 
260 |b Ediciones B 
260 |c 1987 
300 |a 254 páginas 
650 |a LITERATURA ESTADOUNIDENSE 
650 |a NOVELA 
999 |c 6176  |d 6176 
942 |c 15 D  |h 810 T-16.1s  |2 z